000 00828nam a22002417a 4500
003 OSt
005 20260424065918.0
008 260424b |||||||| |||| 00| 0 eng d
020 _a971-06-0650-6.
040 _aOC
_cDWC-Main Lib
082 _aFil. 307.72 H898s 1987
100 _aHunt, C.
245 _aSociology in the philippine setting:
_ba modular approach
_cHunt, Chester L.
260 _aQuezon City :
_bPhoenix Publishing House
_cc1987.
300 _ax, 362 pages ;
_c 25 cm.
504 _aIncludes glossary and index.
650 _a1. Sociology
700 _aQuisumbing, Lourdes R.
_eAuthor
700 _aSocorro, Espiritu C.
_eAuthor
700 _aCostello, Michaela A.
_eAuthor
700 _aLacar, Luis Q.
_eAuthor
942 _2ddc
_cBK - FIL
_hFil. 307.72 H898s 1987
_kFil.
_n0
999 _c9858
_d9858